000 00430nam a2200181Ia 4500
001 10546
005 20260306161840.0
008 260306t2013||||xx |||||||||||||| ||spa||
041 _aESP
082 _a940.21
_bH72
100 _aHomer Haskins, Charles
_eAUT
245 0 _aEl renacimiento del siglo XII
260 _c2013
300 _a407 páginas :
_c24 cm.
650 _aGEN
654 _aCHU
942 _cLIB
_dJUS
_fJUS
_2ddc
_n
999 _c10546
_d10546